| 000 | 00853nam a2200253 a 4500 | ||
|---|---|---|---|
| 001 | 66040 | ||
| 003 | BD-RjUL | ||
| 005 | 20211209081508.0 | ||
| 008 | 170313s nyua b 001 0 eng | ||
| 020 | _a0801428831 (alk. paper) | ||
| 020 | _a0801481252 (alk. paper) | ||
| 035 | _a(BD-RjUL)66170 | ||
| 040 |
_aDLC _cDLC _dBD-RjUL _beng |
||
| 041 | _aeng | ||
| 082 | 0 | 0 |
_a595.7 _223 _bSNP 1935 |
| 100 | 1 |
_aSnodgrass, R. E. _q(Robert E.), _d1875-1962. _9195341 |
|
| 245 | 1 | 0 |
_aPrinciples of insect morphology / _cby R.E. Snodgrass ; with a new foreword by George C. Eickwort. |
| 260 |
_aLondon : _bCornell University Press, _c1935 |
||
| 300 |
_axiv, 667 p. : _bill. ; _c24 cm. |
||
| 504 | _aIncludes bibliographical references (p. 625-646) and index. | ||
| 650 | 0 |
_aInsects _xMorphology. _9195342 |
|
| 650 | 0 |
_aInsects _xAnatomy. _9195343 |
|
| 942 |
_2ddc _cBK |
||
| 999 |
_c66040 _d66040 |
||